000 00335nam a2200133Ia 4500
001 2088
008 241024s9999 xx 000 0 und d
082 _aRD/370.97293/M870e
100 _aRamón Morrison
245 0 _aEvaluación sobre el uso e impacto de los libros de texto
260 _bEd. Centenario
590 _asi
999 _c9136
_d9136